বাংলাদেশের ইতিহাস ১৭০৪-১৯৭১ / (Record no. 6161)
[ view plain ]
| 000 -LEADER | |
|---|---|
| fixed length control field | 01149nam a22002657a 4500 |
| 001 - CONTROL NUMBER | |
| JCCL Control Number | 6161 |
| 003 - CONTROL NUMBER IDENTIFIER | |
| JCCL marc code | BD-JhCC |
| 005 - DATE AND TIME OF LATEST TRANSACTION | |
| control field | 20210819134021.0 |
| 008 - FIXED-LENGTH DATA ELEMENTS--GENERAL INFORMATION | |
| fixed length control field | 180115s2007 bg ||||| ||a| 00| 0 mul d |
| 020 ## - INTERNATIONAL STANDARD BOOK NUMBER | |
| International Standard Book Number | 9845120067 |
| 035 ## - SYSTEM CONTROL NUMBER | |
| system control number | (BD-JhCC)6161 |
| 040 ## - CATALOGING SOURCE | |
| Original cataloging agency | BD-JhCC |
| Modifying agency | BD-JhCC |
| 041 ## - LANGUAGE CODE | |
| Language code of Book | mul |
| 082 ## - DEWEY DECIMAL CLASSIFICATION NUMBER | |
| Classification number | 954.9205 |
| Author mark and Year | BAN 2007 |
| 245 ## - TITLE STATEMENT | |
| Title | বাংলাদেশের ইতিহাস ১৭০৪-১৯৭১ / |
| Statement of responsibility, etc | সিরাজুল ইসলাম, সাজাহান মিয়া |
| 250 ## - EDITION STATEMENT | |
| Edition statement | 3rd ed. |
| 260 ## - PUBLICATION, DISTRIBUTION, ETC. (IMPRINT) | |
| Place of publication, distribution, etc | ঢাকা : |
| Name of publisher, distributor, etc | বাংলাদেশ এশিয়াটিক সোসাইটি, |
| Date of publication, distribution, etc | 2015. |
| 300 ## - PHYSICAL DESCRIPTION | |
| Pagination | 608 p. : |
| Dimensions | 26 cm. |
| 505 ## - FORMATTED CONTENTS NOTE | |
| Formatted contents note | প্রথম খন্ড : রাজনৈতিক ইতিহাস;<br/>দ্বিতীয় খন্ড : অর্থনৈতিক ইতিহাস;<br/>তৃতীয় খন্ড : সামাজিক সাংস্কৃতিক ইতিহাস। |
| 650 ## - SUBJECT ADDED ENTRY--TOPICAL TERM | |
| Topical term or geographic name as entry element | History |
| Geographic subdivision | Bangladesh |
| 700 ## - ADDED ENTRY--PERSONAL NAME | |
| Personal name | ইসলাম, সিরাজুল |
| 700 ## - ADDED ENTRY--PERSONAL NAME | |
| Personal name | মিয়া, সাজাহান |
| 942 ## - ADDED ENTRY ELEMENTS (KOHA) | |
| Source of classification or shelving scheme | Dewey Decimal Classification |
| Koha item type | Books |
| Koha issues (borrowed), all copies | 3 |
| Source of classification or shelving scheme | volume number | Damaged status | Not for loan | Home library | Current library | Shelving location | Date of accession | Cost, normal purchase price | Total Checkouts | Full call number | Barcode | Date last seen | Date checked out | Copy number | Koha item type |
|---|---|---|---|---|---|---|---|---|---|---|---|---|---|---|---|
| Dewey Decimal Classification | V - 1 | JCC Rouf Library | JCC Rouf Library | General Stacks | 01/15/2018 | 1000.00 | 2 | 954 BAN 2007 | 203 | 11/16/2023 | 11/16/2023 | C - 1 | Books | ||
| Dewey Decimal Classification | V - 1 | JCC Rouf Library | JCC Rouf Library | General Stacks | 01/15/2018 | 100.00 | 1 | 954 BAN 2007 | 202 | 10/16/2021 | 08/19/2021 | C - 2 | Books | ||
| Dewey Decimal Classification | V - 2 | JCC Rouf Library | JCC Rouf Library | General Stacks | 01/15/2018 | 1000.00 | 954 BAN 2007 | 206 | 01/15/2018 | C - 3 | Books | ||||
| Dewey Decimal Classification | V - 2 | JCC Rouf Library | JCC Rouf Library | General Stacks | 01/15/2018 | 1000.00 | 1 | 954 BAN 2007 | 205 | 11/19/2018 | 11/19/2018 | C - 4 | Books | ||
| Dewey Decimal Classification | V - 2 | JCC Rouf Library | JCC Rouf Library | General Stacks | 01/15/2018 | 1000.00 | 954 BAN 2007 | 204 | 01/15/2018 | C - 5 | Books | ||||
| Dewey Decimal Classification | V - 3 | JCC Rouf Library | JCC Rouf Library | General Stacks | 01/15/2018 | 954 BAN 2007 | 209 | 01/15/2018 | C - 6 | Books | |||||
| Dewey Decimal Classification | V - 3 | JCC Rouf Library | JCC Rouf Library | General Stacks | 01/15/2018 | 1000.00 | 954 BAN 2007 | 207 | 01/15/2018 | C - 7 | Books | ||||
| Dewey Decimal Classification | V - 3 | JCC Rouf Library | JCC Rouf Library | General Stacks | 01/15/2018 | 1000.00 | 954 BAN 2007 | 208 | 01/15/2018 | C - 8 | Books | ||||
| Dewey Decimal Classification | V-1 | JCC Rouf Library | JCC Rouf Library | General Stacks | 01/15/2018 | 1000.00 | 954.9205 BAN 2007 | 201 | 10/19/2019 | C-1 | Books |